00323nam a2200145Ia 45000030006000000080041000060400015000471000028000622450038000902500006001282600006001343000006001405460014001460050017001600STCL150530s9999 xx 000 0 und d aSTCLcSTCL aKunnath Janardana Menon aMahakavi V C Balakrishnan Paniker a1 c0 a0 aMalayalam20220125171822.0